000
00311nam a22001337a 4500
008
170714b xxu||||| |||| 00| 0 eng d
020
_a
0226458040
041
_a
eng
080
_2
2ND
_a
101
100
_a
24
101
_a
FJA
245
_a
THE STRUCTURE OF SCIENTIFIC REVOLUTIONS
_c
KUHN,TH.S
942
_2
udc
_c
BK
999
_c
20732
_d
20732